| 000 | 00999nam a2200277Ia 4500 | ||
|---|---|---|---|
| 003 | OSt | ||
| 005 | 20220923211559.0 | ||
| 006 | a|||||r|||| 00| 0 | ||
| 007 | ta | ||
| 008 | 220922b |||||||| |||| 00| 0 hin d | ||
| 020 |
_a9789386534194 (pbk) _c265 |
||
| 024 | _a324,803 | ||
| 037 |
_b400, 13/03/2018, Eastern Book Linkers _cTextual |
||
| 040 |
_aARTS _cARTS _bhin |
||
| 041 |
_2hin _ahin |
||
| 082 | _aO152,3NDA,RR, Q7 | ||
| 100 |
_aदॉंगी, इंदिरा, ले. _9156349 |
||
| 245 | 0 | _aरपीटले राजपथ | |
| 246 | _aRapīṭale rājapatha | ||
| 260 |
_aदिल्ली _b राजपाल एण्ड सन्ज़ _c2017 |
||
| 300 |
_a237पृ. _ccm. |
||
| 650 |
_a हिन्दी साहित्य _9156264 |
||
| 650 | _aहिन्दी कहानी | ||
| 942 |
_hO152,3NDA,RR, Q7 _cTEXL _2CC |
||
| 999 |
_c300991 _d300991 |
||